000 00763nam a2200229Ia 4500
005 20241129105743.0
008 241129s9999||||xx |||||||||||||| ||und||
020 _a978-93-91214-56-2
037 _aTB
040 _aARTS
_bhin
_cARTS
041 _ahin
_2san
084 _aO15:gx7,1:g 152R2
_qARTS
100 _aवर्धन, आनन्द, ले.
245 0 _aध्वन्यालोक:
_cवर्धन, आनन्द, ले.
260 _aदिल्ली, भारत
_bशिवालिक प्रकाशन
_c2021
300 _a136पृ0
365 _aINR
_b150
546 _aTranslated from Sanskrit to Hindi
650 _aSanskrit Literature
942 _cTB
_hO15:gx7,1:g 152R2
999 _c1225776
_d1225776